000 00757nam a2200193 a 4500
005 20140412111314.0
008 010323s19uu xx 00 eng d
020 _a0-394-84956-6
050 _aER
_bNo66 1989
100 _aBuller, Jon
245 _aNo tooth, no quarter! /
_cby jon Buller and Susan Schade.
260 _aNew York :
_bRandom House,
_c1989.
300 _a48 p. ; ill.
440 _aStep into reading. A step 3 book
520 _aFearing punishment from Queen Denteena for not finding any good teeth, an unlucky tooth fairy takes a boy down into the underground kingdom of the tooth fairies so he can explain that his tooth fell out but he mislaid it.
650 _aTooth Fairy - Fiction
650 _aTeeth - Fiction
999 _c104161
_d104161